Presidentes de España tras la dictadura franquista. - Estadísticas

Estadísticas generales
  • Esta prueba ha sido intentada 128 veces
  • La puntuación promedio es 6 de 7
Estadísticas de respuestas
Años Presidentes % Correcto
2018- Pedro Sánchez
98%
2011-2018 Mariano Rajoy
97%
2004-2011 José Luis Rodríguez Zapatero
95%
1976-1981 Adolfo Suárez
88%
1996-2004 José María Aznar
87%
1982-1996 Felipe González
81%
1981-1982 Leopoldo Calvo Sotelo
67%
No se encontraron pruebas coincidentes
Distribución de puntuación
Porcentaje de gente con cada puntuación
Porcentaje por número respondido
Historial de tus puntuaciones
No has intentado esta prueba.